00463nam a2200157Ia 4500082002000000100001800020245005500038260004300093300001600136500002300152504003600175650002300211650002300234650002700257650002100284 a636.00954 KAT-G aKataria, M.S; 0aGeography of Indian livestock and white revolution aKurukshetrabVishal Publicationsc1982 axxiv, 142p. aSponsored by ICSSR aincludes bibliography and index aLivestocks - India aDairying - Haryana aFood animals - Haryana aCattle - Haryana